|
|
|
|
| LEADER |
00000nam0a2200000 4500 |
| 001 |
158468 |
| 005 |
20231031154433.0 |
| 010 |
|
|
|a 5870620260
|
| 020 |
|
|
|a RU
|b 94-15417
|
| 035 |
|
|
|a (RuTPU)RU\TPU\book\171861
|
| 090 |
|
|
|a 158468
|
| 100 |
|
|
|a 20090423d1994 m y0rusy5003 ca
|
| 101 |
1 |
|
|a rus
|c ger
|
| 102 |
|
|
|a RU
|
| 105 |
|
|
|a y z 000ay
|
| 200 |
1 |
|
|a Графиня Шатобриан
|e пер. с нем.
|f Г. Лаубе
|g худож. В. С. Качальский
|
| 210 |
|
|
|a СПб.
|c Альфа
|d 1994
|
| 215 |
|
|
|a 428,[1] с.
|d 22 см
|
| 610 |
1 |
|
|a Франция, 16 в.
|
| 610 |
1 |
|
|a Исторические романы
|
| 610 |
1 |
|
|a немецкая литература
|
| 675 |
|
|
|a 83
|z rus
|
| 700 |
|
1 |
|a Лаубе
|b Г.
|g Генрих
|4 070
|
| 702 |
|
1 |
|a Качальский
|b В. С.
|4 440
|
| 801 |
|
0 |
|a RU
|b RuMRKP
|c 19950413
|g psbo
|
| 801 |
|
1 |
|a RU
|b 63413507
|c 20090423
|g PSBO
|
| 801 |
|
2 |
|a RU
|b 63413507
|c 20090423
|g PSBO
|
| 942 |
|
|
|c BK
|